Models of seizures and epilepsy /

Bibliographic Details
Other Authors: Pitkänen, Asla, Schwartzkroin, P. A. (Philip A.), Moshé, Solomon L.
Format: Book
Language:English
Published: Amsterdam ; Boston : Elsevier Academic, [2006]
Subjects:

MARC

Tag First Indicator Second Indicator Subfields
LEADER 00000cam a2200000 a 4500
001 in00004502000
005 20191203131447.0
008 050415s2006 ne a b 001 0 eng
016 7 |a 101259739  |2 DNLM 
016 7 |a 013225287  |2 Uk 
020 |a 0120885549 (alk. paper) 
024 3 |a 9780120885541 
029 0 |a NLM  |b 101259739 
035 |a (OCoLC)ocm62176884 
035 |z (UtOrBLW)39972 
035 |a 57579 
040 |a NLM  |c NLM  |d UKM  |d COD  |d TMV  |d UtOrBLW 
042 |a nlmcopyc 
049 |a TMVM  |c 1 
060 0 0 |a 2005 M-239 
060 1 0 |a WL 385  |b M6886 2006 
060 4 |a WL 385  |b M688 2006 
082 0 4 |a 616.85307  |2 22 
245 0 0 |a Models of seizures and epilepsy /  |c editors, Asla Pitkänen, Philip A. Schwartzkroin, Solomon L. Moshé. 
264 1 |a Amsterdam ;  |a Boston :  |b Elsevier Academic,  |c [2006] 
264 4 |c ©2006 
300 |a xvii, 687 :  |b illustrations (some color) ;  |c 29 cm. 
336 |a text  |2 rdacontent  |b txt 
337 |a unmediated  |2 rdamedia 
338 |a volume  |2 rdacarrier  |b nc 
504 |a Includes bibliographical references and index. 
505 0 |a What should be modeled -- Single nerve cells acutely dissociated from animal and human brains for studies of epilepsy -- Cell culture models for studying epilepsy -- An overview of In vitro seizure models in acute and organotypic slices -- The use of brain slice cultures for the study of epilepsy -- Hippocampal slices : designing and interpreting studies in epilepsy research -- Thalamic, thalamocortical and corticocortical models of epilepsy with an emphasis on absence seizures -- Studying epilepsy in the human brain in vitro -- In vitro isolated guinea pig brain -- Pharmacologic models of generalized absence seizures in rodents -- Models of chemically-induced acute seizures -- Electrical stimulation-induced models of seizures -- Alcohol withdrawl seizures -- Alumina gel injection models of epilepsy in monkeys -- Modeling epilepsy and seizures in developing zebrafish larvae -- Transgenic and gene replacement models of epilepsy : targeting ion channel and neurotransmission pathways in mice -- Spontaneous epileptic mutations in the mouse -- Genetic models of absence epilepsy in the rat -- Models with spontaneous seizures and developmental disruption of genetic etiology -- Mammalian models of genetic epilepsy characterized by sensory-evoked seizures and generalized seizure susceptibility -- Inherited epilepsy in Mongolian gerbils -- The cortical freeze lesion model -- MAM and other "lesion" models for developmental epilepsy -- In utero irradiation as a model of corical dysplasia -- Modeling hypoxia-induced seizures and hypoxic encephalopathy in the neonatal period -- Complex febrile seizures - an experimental model in immature rodents -- Repetitive seizures in the immature brain -- The kindling phenomenon -- Kindling kittens and cats -- Electrical kindling in developing rats -- Chemical kindling -- Kindling, spontaneous seizures and the consequences of epilepsy : more that a model -- Tetanus toxin model of focal epilepsy -- Kainate-induced status epilepticus : a chronic model of acquired epilepsy -- The pilocarpine model of seizures -- Status epilepticus : electrical stimulation models -- Posttraumatic epilepsy induced by lateral fluid-percussion brain injury in rats -- Chronic partial cortical isolation -- Head trauma : hemorrhage-iron deposition -- Stroke -- Models available for infection-induced seizures -- Brain tumour and epilepsy : a new neurophysiologic neuropathologic ex vivo in vitro model -- An animal model of Rasmussen's encephalitis -- Therapeutic assays for the indentifical and characterization of antiepileptic and antiepileptogenic drugs -- Animal models of drug-refractory epilepsy -- Monitoring for seizures in rodents -- Imaging approaches in small animal models -- Behavioral characterization of seizures in rats -- Behavioral and cognitive testing procedures in animal models of epilepsy -- Morphologyic approaches to the characterization of epilepsy models -- Animal model development based on the human epilepsies : which causes and syndromes should be modeled -- What good are animal models 
650 0 |a Epilepsy. 
650 0 |a Spasms. 
650 0 |a Epilepsy  |x Animal models. 
650 2 |a Epilepsy. 
650 2 |a Models, Animal. 
650 2 |a Seizures. 
700 1 |a Pitkänen, Asla. 
700 1 |a Schwartzkroin, P. A.  |q (Philip A.) 
700 1 |a Moshé, Solomon L. 
948 |a PO 10853 
999 |a MARS 
999 f f |s 82f841f1-73cf-3b06-878a-f0f423d152a8  |i 300d3b81-14ba-3b18-ae9c-a3855e25c0e2  |t 0 
952 f f |p ric  |a Texas A&M University  |b Rellis Campus  |c Joint Library Facility  |d Remote Storage  |t 0  |e WL 385 M688 2006  |h National Library of Medicine classification  |i unmediated -- volume  |m 323890190396A 
998 f f |a WL 385 M688 2006  |t 0  |l Remote Storage